=LDR 00000nam 2200000 4500 =001 INLIS000000000054213 =005 20191112013208 =035 ##$$a 0010-1119000006 =007 ta =008 191112###########################0###### =082 ##$$a 808.81 =084 ##$$a 808.81 Set s =100 #$$a sitor situmorang =245 1#$$a surat kertas hijau =260 ##$$a jakarta 1985 :$b dian rakyat =300 ##$$a 40 hlm. =990 ##$$a 16631663 =990 ##$$a 00093075